Computer skill (Record no. 9649)

MARC details
000 -LEADER
fixed length control field 00488cam a2200193ua 4500
008 - FIXED-LENGTH DATA ELEMENTS--GENERAL INFORMATION
fixed length control field 190326n ii |||gr||||Z||||||eng
020 ## - INTERNATIONAL STANDARD BOOK NUMBER
International Standard Book Number 9789384303044
040 ## - CATALOGING SOURCE
Transcribing agency MAIN
082 ## - DEWEY DECIMAL CLASSIFICATION NUMBER
Classification number 004
100 ## - MAIN ENTRY--PERSONAL NAME
Personal name Monoj Kumar Deka,
Relator term
245 ## - TITLE STATEMENT
Title Computer skill
250 ## - EDITION STATEMENT
Edition statement 2nd rev ed.
260 ## - PUBLICATION, DISTRIBUTION, ETC.
Place of publication, distribution, etc. Dibrugarh:
Name of publisher, distributor, etc. Kangan stetionery stores,
Date of publication, distribution, etc. 2017.
300 ## - PHYSICAL DESCRIPTION
Extent 270p.
700 ## - ADDED ENTRY--PERSONAL NAME
Personal name Sadiq Hussain,
Relator term
942 ## - ADDED ENTRY ELEMENTS (KOHA)
Koha item type Books
653 ## - INDEX TERM--UNCONTROLLED
Uncontrolled term Data processing & computer science
Holdings
Withdrawn status Lost status Damaged status Not for loan Home library Current library Shelving location Date acquired Total Checkouts Full call number Barcode Date last seen Date last checked out Copy number Price effective from Koha item type Date due
        Central Library, Naharkatiya College Central Library, Naharkatiya College General Stacks 19/09/2020 1 004Computer skill | DEK 25412 04/07/2025 30/05/2022 1 19/09/2020 Books  
        Central Library, Naharkatiya College Central Library, Naharkatiya College General Stacks 19/09/2020 9 004Computer skill | DEK 25413 27/06/2024 27/06/2024 2 19/09/2020 Books 01/08/2024

Naharkatiya College © 2020. All rights reserved.

Powered By